000
00405nam a22001337a 4500
003
SGT
020
_a
9788123755793
082
_a
891.4309
_b
M19P
100
_a
पाण्डेय, मैनेजर
245
_a
माधवराव स्प्रे प्रतिनिधि संकलन
260
_b
नेशनल बुक ट्रस्ट
_c
2009
300
_a
282
942
_2
ddc
_c
BK
999
_c
29716
_d
29716